000 01528nam a2200385Ia 4500
001 ebr10659000
003 CaPaEBR
006 m u
007 cr cn|||||||||
008 101216s2012 nyua sb 001 0 eng d
010 _z 2010048377
020 _z1611228689 (hardcover : alk. paper)
020 _z9781611228687 (hardcover : alk. paper)
020 _z9781613247419 (ebook)
040 _aCaPaEBR
_cCaPaEBR
035 _a(OCoLC)831625614
050 1 4 _aGB1001.72.M35
_bO94 2012eb
082 0 4 _a551.48/8015118
_223
245 0 0 _aOverland flow and surface runoff
_h[electronic resource] /
_cTommy S.W. Wong, editor.
260 _aNew York :
_bNova Science Publishers,
_cc2012.
300 _axii, 346 p. :
_bill.
490 1 _aHydrological science and engineering
504 _aIncludes bibliographical references and index.
533 _aElectronic reproduction.
_bPalo Alto, Calif. :
_cebrary,
_d2013.
_nAvailable via World Wide Web.
_nAccess may be limited to ebrary affiliated libraries.
650 0 _aFrictional resistance (Hydrodynamics)
650 0 _aNitrifying bacteria.
650 0 _aRunoff
_xMathematical models.
650 0 _aStreamflow
_xMathematical models.
650 0 _aWater
_xPollution.
655 7 _aElectronic books.
_2local
700 1 _aWong, Tommy S. W.
710 2 _aebrary, Inc.
830 0 _aHydrological science and engineering series.
856 4 0 _uhttp://site.ebrary.com/lib/rucke/Doc?id=10659000
_zAn electronic book accessible through the World Wide Web; click to view
999 _c166194
_d166194